Consumer choice in house buying: the beginnings of a house buyer revolt (Record no. 102217)
[ view plain ]
| 000 -LEADER | |
|---|---|
| fixed length control field | 01173cam a2200325 4500 |
| 008 - FIXED-LENGTH DATA ELEMENTS--GENERAL INFORMATION | |
| fixed length control field | 020722n2002 000 0 eng u |
| 020 ## - INTERNATIONAL STANDARD BOOK NUMBER | |
| International Standard Book Number | 1842630652 |
| 035 ## - SYSTEM CONTROL NUMBER | |
| System control number | (Sirsi) u118956 |
| 041 ## - LANGUAGE CODE | |
| Language code of text/sound track or separate title | eng. |
| 050 ## - LIBRARY OF CONGRESS CALL NUMBER | |
| Classification number | 306.13 |
| 100 ## - MAIN ENTRY--PERSONAL NAME | |
| Personal name | Bartlett, K. |
| 245 ## - TITLE STATEMENT | |
| Title | Consumer choice in house buying: the beginnings of a house buyer revolt |
| 260 ## - PUBLICATION, DISTRIBUTION, ETC. | |
| Place of publication, distribution, etc. | York |
| Name of publisher, distributor, etc. | Joseph Rowntree Foundation |
| Date of publication, distribution, etc. | 2002 |
| 300 ## - PHYSICAL DESCRIPTION | |
| Extent | xii,120p. |
| Dimensions | 24cm. |
| 350 ## - PRICE (NR) (BK AM CF MU VM SE) [OBSOLETE] | |
| Price | 9.95 |
| 520 ## - SUMMARY, ETC. | |
| Summary, etc. | A collection of essays reviewing the current state of the house-building industry in the UK. The essays describe an industrial culture which has historically paid little attention to consumer opinion, leaving house builders with problems of public image, customer perception and customer satisfaction. |
| 650 ## - SUBJECT ADDED ENTRY--TOPICAL TERM | |
| Topical term or geographic name entry element | HOUSE BUILDING |
| 650 ## - SUBJECT ADDED ENTRY--TOPICAL TERM | |
| Topical term or geographic name entry element | NEW BUILD |
| 650 ## - SUBJECT ADDED ENTRY--TOPICAL TERM | |
| Topical term or geographic name entry element | CONSUMER PREFERENCES |
| 650 ## - SUBJECT ADDED ENTRY--TOPICAL TERM | |
| Topical term or geographic name entry element | PROPERTY-RESIDENTIAL PROPERTY-ACQUISITION AND DISPOSAL OF RESIDENTIAL PROPERTY |
| 690 ## - LOCAL SUBJECT ADDED ENTRY--TOPICAL TERM (OCLC, RLIN) | |
| Topical term or geographic name as entry element | HOUSING |
| 700 ## - ADDED ENTRY--PERSONAL NAME | |
| Personal name | Potter, M. |
| 700 ## - ADDED ENTRY--PERSONAL NAME | |
| Personal name | Meikle, J. |
| 700 ## - ADDED ENTRY--PERSONAL NAME | |
| Personal name | Ozaki, R. |
| 700 ## - ADDED ENTRY--PERSONAL NAME | |
| Personal name | Hakes, J. |
| 700 ## - ADDED ENTRY--PERSONAL NAME | |
| Personal name | Young, R. |
| 700 ## - ADDED ENTRY--PERSONAL NAME | |
| Personal name | Duffy, F. |
| 700 ## - ADDED ENTRY--PERSONAL NAME | |
| Personal name | Hooper, A. |
| 942 ## - ADDED ENTRY ELEMENTS (KOHA) | |
| Suppress in OPAC | 0 |
| Withdrawn status | Lost status | Source of classification or shelving scheme | Damaged status | Not for loan | Home library | Current library | Shelving location | Date acquired | Cost, normal purchase price | Total Checkouts | Full call number | Barcode | Date last seen | Copy number | Cost, replacement price | Price effective from | Koha item type |
|---|---|---|---|---|---|---|---|---|---|---|---|---|---|---|---|---|---|
| Dewey Decimal Classification | London | London | Books | 15/08/2002 | 8.46 | 306.13 BAR | 30066440 | 06/08/2019 | 2 | 8.46 | 06/08/2019 | Book |